Franchising partnerstvo prinášajúce úspech

Gespeichert in:
Bibliographische Detailangaben
1. Verfasser: Štensová, Antónia
Körperschaft: Ekonomická univerzita v Bratislave. Obchodná fakulta
Format: Buch
Sprache:Slowakisch
Veröffentlicht: Bratislava Vydavateľstvo EKONÓM 2006
Schlagworte:
Tags: Tag hinzufügen
Keine Tags, Fügen Sie das erste Tag hinzu!

MARC

LEADER 00000nam$a2200000$$$4500
001 0052282
005 20240522080807.5
020 |a 80-225-2247-3 
041 0 |a slo 
044 |a SK 
245 1 0 |a Franchising  |b partnerstvo prinášajúce úspech  |c Antónia Štensová 
264 1 |a Bratislava  |b Vydavateľstvo EKONÓM  |c 2006 
300 |a 156 s. 
610 2 0 |a franchising 
610 2 0 |a kooperácia 
610 2 0 |a partnerstvo strategické 
610 2 0 |a normy právne 
610 2 0 |a meno obchodné 
610 2 0 |a know-how 
610 2 0 |a známky ochranné 
610 2 0 |a patenty 
610 2 0 |a ochrana súťaže hospodárskej 
610 2 0 |a zmluvy 
610 2 0 |a združenia hospodárske medzinárodné 
610 2 0 |a poradenstvo 
610 2 0 |a kódexy etické 
610 2 0 |a financovanie 
610 2 0 |a asociácie 
100 1 |a Štensová, Antónia 
710 2 |a Ekonomická univerzita v Bratislave. Obchodná fakulta